|
|
|
|
| LEADER |
00000nam1a2200000 4500 |
| 001 |
20040 |
| 005 |
20231030191926.0 |
| 035 |
|
|
|a (RuTPU)RU\TPU\book\20217
|
| 035 |
|
|
|a BOOK00020287
|
| 090 |
|
|
|a 20040
|
| 100 |
|
|
|a 20011209d1962 k y0rusy50 ca
|
| 101 |
1 |
|
|a rus
|
| 102 |
|
|
|a RU
|
| 200 |
1 |
|
|a Методы получения химических реактивов и препаратов
|e [сборник]
|f СССР, Государственный плановый комитет (Госплан СССР), Государственный комитет химической и нефтяной промышленности
|
| 210 |
|
|
|a Москва
|c [Б. и.]
|d 1962-
|
| 712 |
0 |
1 |
|a СССР
|b Государственный плановый комитет (Госплан СССР)
|b Государственный комитет химической и нефтяной промышленности
|c (1948-1955, 1957-1991)
|2 stltpush
|3 (RuTPU)RU\TPU\col\17510
|
| 801 |
|
2 |
|a RU
|b 63413507
|c 20170605
|g RCR
|
| 942 |
|
|
|c BK
|